Peace and security as imperatives for national development: a collection of papers presented at the 2011/2012 Quarterly lectures series of the institute for peace and conflict resolution (Record no. 42021)

MARC details
000 -LEADER
fixed length control field 00571nam a2200169Ia 4500
020 ## - INTERNATIONAL STANDARD BOOK NUMBER
ISBN 9789789339600
050 ## - CALL MARK
Classification number HN 31 .P43/
245 #0 - TITLE STATEMENT
Title Peace and security as imperatives for national development: a collection of papers presented at the 2011/2012 Quarterly lectures series of the institute for peace and conflict resolution
260 ## - PUBLICATION, DISTRIBUTION, ETC. (IMPRINT)
Place of publication Abuja
260 ## - PUBLICATION, DISTRIBUTION, ETC. (IMPRINT)
Name of publisher Istitute for Peace and Conflict Resolution (IPCR)
260 ## - PUBLICATION, DISTRIBUTION, ETC. (IMPRINT)
Year of publication 2013
300 ## - PHYSICAL DESCRIPTION
Number of Pages 123 p
650 ## - SUBJECT ADDED ENTRY--TOPICAL TERM
Topical Term Abuja
942 ## - ADDED ENTRY ELEMENTS (KOHA)
Koha item type Books
Holdings
Withdrawn status Lost status Source of classification or shelving scheme Damaged status Not for loan Permanent Location Current Location Shelving location Date acquired Accession Number Price effective from Koha item type
    Library of Congress Classification     NILE UNIVERSITY OF NIGERIA - MAIN LIBRARY NILE UNIVERSITY OF NIGERIA - MAIN LIBRARY Items on shelf 06/03/2025 0184777 06/03/2025 Books